• 首页
  • 本馆介绍
  • 公告通知
  • 最新文献
  • 馆藏检索
  • 电子资源
  • 读者导购
  • 参考咨询
  • 我的图书馆
  • 登录
  • 详细信息显示
  • 放入我的书架
  • 预约/预借图书
  • 作者相关作品
  • 分类相关作品
  • 丛书相关作品
  • 出版社相关作品

书目信息

  • 表格格式
  • 工作单格式
  • 卡片格式
题名:
最后诊断
    
 
作者: Hailley , 黑利 著 ;舒逊 译
分册:  
出版信息: 上海   上海译文出版社  1980
页数: 398页
开本: 19cm
丛书名:
单 册:
中图分类: I711.4
科图分类:
主题词: 文学
电子资源:
ISBN:
000 00737nam0 2200265 45
001 0180006636
005 20060914091126.98
010    @dCNY0.92
091    @a10188.136
100    @a19960215d1980 em y0chiy0121 ea
101 1  @achi@ceng
102    @aCN@b310000
105    @ay z 000ay
200 10 @a最后诊断@Azui hou zhen duan@f(加)黑利(A.Hailey)著@g舒逊译
210    @a上海@c上海译文出版社@d1980
215    @a398页@d19cm
300    @a书名原文:The final diagnosis
510 1  @aThe final diagnosis@zeng
606 0  @a文学
690    @aI711.4@v3
701 A1 @aHailley@bA.@4著
701  1 @a黑利@Ahei li@bA.@4著
702  0 @a舒逊@Ashu xun@4译
801  0 @aCN@bNLC@c20060914
905    @dI711.4@e301@f1@b35617@f1@b35614@f1@b35615
    
    最后诊断/(加)黑利(A.Hailey)著/舒逊译.-上海:上海译文出版社,1980
    398页;19cm
    书名原文:The final diagnosis
    
    ISBN :CNY0.92
    
●
相关链接 在E读中查询图书 在五车中查询图书 在当当中查询图书 在豆瓣中查询图书


正题名:最后诊断     索取号:I711.4/301         预约/预借

序号 登录号 条形码 馆藏地/架位号 状态 备注
1 0035613   000127464   第一样本阅览室/ [索取号:I711.4/301] 在馆    
2 0035614   000127482   第二借阅区/ [索取号:I711.4/301] 在馆    
3 0035615   000127455   第二借阅区/ [索取号:I711.4/301] 在馆    
4 0035616   001916430   密集书库/ [索取号:I711.4/301] 在馆    
5 0035617   000127473   第二借阅区/ [索取号:I711.4/301] 在馆    
6 0473625   204736250   密集书库/ [索取号:I711.4/301] 在馆    
唐山师范学院图书馆 欢迎您!
大连网信软件有限公司© 版权所有